Reflexiones acerca de la convivencia humana

Uloženo v:
Podrobná bibliografie
Hlavní autor: Giannini Iñiguez, Humberto (autor)
Médium: Kniha
Jazyk:španělština
Vydáno: Santiago Universidad de Chile. Facultad de Filosofía y Educación 1965
Témata:
Tagy: Přidat tag
Žádné tagy, Buďte první, kdo vytvoří štítek k tomuto záznamu!

MARC

LEADER 00000nam a2200000 a 4500
001 UCY8243
003 CL-VaPUC
008 950703e19650000CL |||||||||||||||||spa|d
082 0 4 |a 128  |b GIA  |2 21 
100 |a Giannini Iñiguez, Humberto  |e autor  |9 582349 
245 1 0 |a Reflexiones acerca de la convivencia humana 
300 |a 140 p 
942 |c BK 
945 |d 19950703 00:00:00  |a aalvarez 
260 |a Santiago  |b Universidad de Chile. Facultad de Filosofía y Educación  |c 1965 
650 0 |a Antropología filosófica  |9 265842 
583 |a last modification  |c 19950703 00:00:00  |k Rodrigo Vera 
999 |c 235518  |d 235516 
952 |0 0  |1 0  |4 0  |6 128_000000000000000_GIA_1965  |7 0  |8 A  |9 243007  |a BIBEDU  |b BIBEDU  |d 2019-11-18  |i 3098044  |l 4  |m 2  |o 128 GIA 1965  |p 3098044  |q 2024-08-02  |r 2024-07-03  |s 2024-07-03  |w 2019-11-18  |y BK  |k FIL